| 000 | 00643cab a2200253 4500 | ||
|---|---|---|---|
| 001 | ABS60453 | ||
| 008 | 090401t1999 xxu||||| |||| 00| 0 eng d | ||
| 035 | _a(Sirsi) u92945 | ||
| 041 | _aeng | ||
| 100 | _aMartin, J. | ||
| 245 | _aQuite a job to avoid duty | ||
| 260 | _c1999 | ||
| 350 | _a0 | ||
| 490 |
_aEstates Gazette _v(9914) 10 April 1999, 144-145(2) |
||
| 650 | _aCOMPANIES | ||
| 650 | _aCORPORATE AQUISITIONS | ||
| 650 | _aLIABILITIES | ||
| 650 | _aPROPERTY DEALS | ||
| 650 | _aRISKS | ||
| 650 | _aSTAMP DUTY | ||
| 690 | _aPROPERTY-COMMERCIAL PROPERTY-COMMERCIAL PROPERTY MARKET | ||
| 942 | _n0 | ||
| 948 | _c23/04/1999 | ||
| 999 |
_c58902 _d58902 |
||